| 000 | 00961nam a2200265 i 4500 | ||
|---|---|---|---|
| 001 | bg | ||
| 100 | 1 | _aHEIJDEN, Kees A. van der | |
| 245 | 1 | 0 |
_aPlanowanie scenariuszowe w zarządzaniu strategicznym / _cKees van der Heijden ; przeł. Lidia Klin. |
| 246 |
_iTyt. oryg.: _aScenarios : the art of strategic conversation |
||
| 260 |
_aKraków : _b"ABC" : _bOficyna Ekonomiczna. Oddział Polskich Wydawnictw Profesjonalnych, _c2000. |
||
| 300 |
_a312 s. : _bil. ; _c24 cm. |
||
| 500 | _aTyt. oryg.: "Scenarios : the art of strategic conversation" 1998. | ||
| 504 | _aBibliogr. - Indeks. | ||
| 650 | 9 | _aZarządzanie strategiczne | |
| 655 | _aPoradniki | ||
| 700 | 1 |
_aKLIN, Lidia. _eTł. |
|
| 020 | _a8388597086 | ||
| 040 | _cBPK | ||
| 041 | 1 |
_apl _hen |
|
| 080 | _a65.012.4(083.1) | ||
| 920 | _a83-88597-08-6 | ||
| 942 | _cKS | ||
| 008 | s pl f |000 0 pol | ||
| 999 |
_c41895 _d41895 |
||
| 856 |
_uhttp://koha.tu.koszalin.pl/cgi-bin/koha/opac-detail.pl?biblionumber=41895 _yKatalog online BPK |
||